000 00288nam a2200121Ia 4500
008 240731s9999 xx 000 0 und d
022 _a1822-4180
245 0 _aAviation
260 _bTaylor & Francis
856 _uhttps://www.tandfonline.com/loi/tavi20
942 _2ddc
942 _cTFEJ
999 _c75577
_d75577
945 _a1
_bMadushi Gamage
_c1
_dMadushi Gamage